Catálogo
 En Linea

Cuando salí de la Habana : (Registro nro. 39207)

Detalles MARC
000 -CABECERA
campo de control de longitud fija 00550nam a2200169 a 4500
001 - NÚMERO DE CONTROL
campo de control 000039717
005 - FECHA Y HORA DE LA ÚLTIMA TRANSACCIÓN
campo de control 20201002033709.0
008 - DATOS DE LONGITUD FIJA--INFORMACIÓN GENERAL
campo de control de longitud fija 130717s2001 dr ac 000 0 spa d
020 ## - NÚMERO INTERNACIONAL ESTÁNDAR DEL LIBRO
Número Internacional Estándar del Libro 1563282178
040 ## - FUENTE DE LA CATALOGACIÓN
Centro catalogador/agencia de origen DO-SdBNP
Lengua de catalogación spa
Centro/agencia transcriptor BNPHU
082 ## - NÚMERO DE LA CLASIFICACIÓN DECIMAL DEWEY
Número de clasificación xxx
100 1# - ENTRADA PRINCIPAL--NOMBRE DE PERSONA
Nombre de persona Díaz Ayala, Cristóbal
9 (RLIN) 3091
245 10 - MENCIÓN DE TÍTULO
Título Cuando salí de la Habana :
Resto del título 1898-1997 cien años de música cubana por el mundo /
Mención de responsabilidad, etc. Cristóbal Díaz Ayala.
250 ## - MENCIÓN DE EDICIÓN
Mención de edición 4a ed. corr.
260 ## - PUBLICACIÓN, DISTRIBUCIÓN, ETC.
Lugar de publicación, distribución, etc. Puerto Rico :
Nombre del editor, distribuidor, etc. Fundación Musicalia,
Fecha de publicación, distribución, etc. 2001.
300 ## - DESCRIPCIÓN FÍSICA
Extensión 263 p. :
Otras características físicas il., retrs. ;
Dimensiones 23 cm.
Existencias
Estado de retiro Estado de pérdida No para préstamo Código de colección Localización permanente Ubicación/localización actual Ubicación en estantería Fecha de adquisición Número de inventario Total de préstamos Signatura topográfica completa Código de barras Fecha visto por última vez Precio válido a partir de Tipo de ítem Koha
      Patrimonio Dominicano General General Orden iniciada 17.07.2013 LF1   xxx 39717-10 25.06.2020 25.06.2020 Libro y Folleto Colección Patrimonio Dominicano

Con tecnología Koha